00343nam a2200121Ia 450000500170000000800410001708200130005810000140007124500210008526000700010630000120017650000330018820250410052018.0240331s9999 xx 000 0 und d bPERa100 aPeriyar,T 0aUyar ennangal II aChennaibPeriyar suyamariyathai pirachara niruvan velliyiduc1993 a52 p ., aPakthium olukamum patriyathu